000 01040nam a2200229Ia 4500
001 17585
003 GE_BSU
008 181216s||||||||xx |||||||||||||| ||und||
040 _cGE_BSU
080 _a070(479.22)
100 _aმესხი,სერგეი
245 _aთხზულებანი სამ ტომად:ტომი I:[ქართული ჟურნალისტიკა]
245 _bქართული ჟურნალისტიკა
245 _cშედგ.იოსებ ბოცვაძის მიერ,მისივე შენიშვნებით და კომენტარებით;რედ.:ვ. ჯავახაძე;მხატვ.:ირ.ჯანაშვილი
260 _aთბილისი
260 _bსაბჭ.საქართველო
260 _c1962
300 _a491გვ.;21სმ
653 _aთხზულებანი
653 _aქართული ჟურნალისტიკა
942 _cBK
999 _c50635
_d50635